Personajes del Chavo del Ocho por imágen - Estadísticas

Estadísticas generales
  • Esta prueba ha sido intentada 43 veces
  • La puntuación promedio es 10 de 12
Estadísticas de respuestas
Imagen Respuesta % Correcto
El Chavo
100%
Doña Florinda
93%
Don Ramón
93%
El Profesor Jirafales
93%
La Chilindrina
93%
Quico
93%
El Señor Barriga
88%
La Bruja del 71
88%
Ñoño
88%
La Popis
75%
Jaimito el Cartero
68%
Paty
50%
No se encontraron pruebas coincidentes
Distribución de puntuación
Porcentaje de gente con cada puntuación
Porcentaje por número respondido
Historial de tus puntuaciones
No has intentado esta prueba.